| 000 | 00745nam a22002177a 4500 | ||
|---|---|---|---|
| 999 |
_c12486 _d12486 |
||
| 003 | AR-CdUCM | ||
| 008 | 190409b ||||| |||| 00| 0 spa d | ||
| 040 |
_aMUNICIPALIDAD PROVINCIAL DEL CUSCO _cBIBLIOTECA MUNICIPAL DEL CUSCO |
||
| 082 |
_22ed. _aEP / 372 / _bES76 |
||
| 100 |
_aEscalante Infantas, Alejandrina _930348 |
||
| 245 |
_aHampiq Wawakuna : _bWillanakuy / |
||
| 260 |
_aCusco : _bBiblioteca Nacional del Perú, _c2015. |
||
| 300 |
_a64 paginas ; _bIlustraciones, Graficos, Dibujos, _c29 cm. |
||
| 500 | _aCuentos infantiles Texto para niños | ||
| 650 |
_aTexto educativo _925832 |
||
| 650 |
_aCuaderno de estudio _928325 |
||
| 650 |
_aLiteratura _983 |
||
| 650 |
_aCuentos _9217 |
||
| 942 |
_2ddc _cLIBROS |
||
| 945 |
_apjha _d2019-04-09 |
||